Oficjalni Prezydenci Niemiec - Statystyki

Ogólne statystyki
  • Ten quiz został rozwiązany 7 razy
  • Średni wynik to 4 z 15
Statystyki odpowiedzi
Kadencja Państwo Partia Odpowiedź % Poprawnych
02.08.1934-30.04.1945 III Rzesza Narodowosocjalistyczna Niemiecka Partia Robotników (NSDAP) Adolf Hitler
100%
19.03.2017-nadal Republika Federalna Niemiec Socjaldemokratyczna Partia Niemiec (SPD) Frank-Walter Steinmeier
33%
01.07.1999-30.06.2004 Republika Federalna Niemiec Socjaldemokratyczna Partia Niemiec (SPD) Johannes Rau
33%
12.05.1925-02.08.1934 Republika Weimarska bezpartyjny Paul von Hindenburg
33%
30.06.2010-17.12.2012 Republika Federalna Niemiec Unia Chrześcijańsko-Demokratyczna (CDU) Christian Wulff
17%
11.02.1919-28.02.1925 Republika Weimarska Socjaldemokratyczna Partia Niemiec (SPD) Friedrich Ebert
17%
01.07.1969-30.06.1974 Republika Federalna Niemiec Socjaldemokratyczna Partia Niemiec (SPD) Gustav Heinemann
17%
13.09.1959-30.06.1969 Republika Federalna Niemiec Unia Chrześcijańsko-Demokratyczna (CDU) Heinrich Lubke
17%
01.07.2004-31.05.2010 Republika Federalna Niemiec Unia Chrześcijańsko-Demokratyczna (CDU) Horst Kohler
17%
18.03.2012-18.03.2017 Republika Federalna Niemiec bezpartyjny Joachim Gauck
17%
01.07.1979-30.06.1984 Republika Federalna Niemiec Unia Chrześcijańsko-Demokratyczna (CDU) Karl Carstens
17%
01.07.1984-30.06.1994 Republika Federalna Niemiec Unia Chrześcijańsko-Demokratyczna (CDU) Richard von Weizsacker
17%
01.07.1994-30.06.1999 Republika Federalna Niemiec Unia Chrześcijańsko-Demokratyczna (CDU) Roman Herzog
17%
12.09.1949-12.09.1959 Republika Federalna Niemiec Wolna Partia Demokratyczna (FDP) Theodor Heuss
17%
01.07.1974-30.06.1979 Republika Federalna Niemiec Wolna Partia Demokratyczna (FDP) Walter Scheel
17%
Nie znaleziono quizów pasujących do podanych kryteriów
Rozkład punktacji
Procent ludzi z każdym wynikiem
Percentyl według liczby udzielonych odpowiedzi
Twoja historia wyników
Nie rozwiązałeś tego quizu